Vplyv metódy vytvárania odtlačku dokumentov na ich podobnosť
Saved in:
| Main Author: | |
|---|---|
| Other Authors: | |
| Format: | Manuscript Book |
| Language: | Slovak |
| Published: |
Bratislava :
STU v Bratislave FIIT,
2012
|
| Subjects: | |
| Online Access: | VAIS |
| Tags: |
No Tags, Be the first to tag this record!
|
MARC
| LEADER | 00000ntm a22000003a 4500 | ||
|---|---|---|---|
| 001 | stu253058 | ||
| 005 | 20150617230228.6 | ||
| 008 | 120724s2012----xo------------------slo-d | ||
| 040 | |a STU |b slo | ||
| 041 | 0 | |a slo | |
| 044 | |a xo | ||
| 100 | 1 | |a Mančík, Gabriel, |d 1989- |4 aut |u I200 |U FIIT Fakulta informatiky a informačných technológií |T FIIT Ústav informatiky a softvérového inžinierstva |X 64396 |U I200 |Y 179 |7 A000064396 | |
| 242 | 0 | 0 | |a Impact of creation method of documents fingerprints for their resemblance |y eng |
| 245 | 1 | |a Vplyv metódy vytvárania odtlačku dokumentov na ich podobnosť | |
| 260 | |a Bratislava : |b STU v Bratislave FIIT, |c 2012 | ||
| 300 | |a 68 s |c príl. | ||
| 650 | 7 | |a informatika |2 stusub | |
| 650 | 7 | |a Informatics |2 estusub | |
| 650 | 7 | |a document |2 estusub | |
| 650 | 7 | |a comparison |2 estusub | |
| 650 | 7 | |a algorithm |2 estusub | |
| 650 | 7 | |a podobnosť |2 stusub | |
| 650 | 7 | |a porovnanie |2 stusub | |
| 700 | 1 | |a Kučečka, Tomáš, |d 1986- |4 ths |u I200 |U FIIT Fakulta informatiky a informačných technológií |T FIIT Ústav informatiky a softvérového inžinierstva |X 17450 |U I200 |Y 179 |7 17450 | |
| 856 | 4 | |a info a plný text |u http://is.stuba.sk/zp/portal_zp.pl?podrobnosti=65227 |3 VAIS | |
| 996 | |b IBAP73/12 |c I*BAP73/12 |l II680 |s P |a 0 |w stu253058_0001 | ||